000 00287nam a2200097Ia 4500
001 1251151
005 20251031150910.0
008 251031s9999 xx 000 0 und d
245 0 _cTOMAS CHAMORRO PREMUZIC
_aI-4 NEDEN BU KADAR YETENEKSİZ ERKEK LİDER OLUYOR?
260 _bORENDA YAYINLARI
999 _c1251151
_d1251151